00354nam a2200133Ia 4500003000900000008004100009040003300050041000800083080002200091245002700113260005000140300001400190650001600204LK-CoDNM010623t1982 xxu||||| |||| 00| 1 eng d aLK-CoDNMdLK-CoDNMeLK-CoDNM aeng ax Polonnaruwa-SRI aA Guide to Polonnaruwa bMinistry of cultural affairsaSri Lankac1982 b55, 22 cm aPolonnaruwa